000
00339nam a22001457a 4500
005
20231206120952.0
008
231206b |||||||| |||| 00| 0 eng d
082
_a
954.91
_b
HUS
100
_a
Hussain Ch.
245
_a
Pakistan Studies
260
_a
Lahore
_b
Saeed Book Center
300
_a
142
650
_a
Literature/Urdu
999
_c
34800
_d
34800